[Event "2. Bundesliga West 2013/14"]
[Site "Salzburg"]
[Date "2013.10.20"]
[Round "3"]
[Board "1"]
[White "Graf, Felix"]
[Black "Wegener, Olaf"]
[Result "*"]
[WhiteElo "2482"]
[BlackElo "2437"]
[PlyCount "100"]
[EventDate "2013.10.18"]
[EventType "team"]
[EventRounds "11"]
[EventCountry "AUT"]
[WhiteTeam "Bregenz"]
[BlackTeam "Rochade Rum"]

1.Nf3 Nf6 2.c4 e6 3.Nc3 Bb4 4.Qc2 c5 5.a3 Ba5 6.g3 Nc6 7.Bg2 O-O 8.O-O d6 9.b3 a6
10.Bb2 Rb8 11.e3 Bd7 12.d4 cxd4 13.exd4 Ne7 14.b4 Bc7 15.d5 exd5 16.cxd5 Ng6 17.Ne4
Nxe4 18.Qxe4 Bb6 19.Rfe1 Rc8 20.h4 Re8 21.Qd3 Bg4 22.Nd2 Ne5 23.Bxe5 dxe5 24.Rac1
Bd4 25.Rxc8 Qxc8 26.Nb3 Bf5 27.Be4 Qc3 28.Qxc3 Bxc3 29.Re3 Bxe4 30.Rxe4 Rd8 31.Rc4
Bb2 32.Nc5 Kf8 33.Nxb7 Rxd5 34.Nc5 Bxa3 35.Nxa6 Rb5 36.Rc8+ Ke7 37.Rc7+ Kf6 38.Rc6+
Kf5 39.Rc3 Bb2 40.Rf3+ Kg6 41.h5+ Kxh5 42.Rxf7 Kg6 43.Re7 Rb6 44.Nc5 Rxb4 45.Rb7 Rxb7
46.Nxb7 Ba3 47.Na5 Bc5 48.Kg2 e4 49.Nc4 Kf5 50.f3 exf3+

[Event "2. Bundesliga West 2013/14"]
[Site "Salzburg"]
[Date "2013.10.20"]
[Round "3"]
[Board "2"]
[White "Braeuer, Franz"]
[Black "Bezler, Rainer"]
[Result "*"]
[WhiteElo "2297"]
[BlackElo "2212"]
[PlyCount "75"]
[EventDate "2013.10.18"]
[EventType "team"]
[EventRounds "11"]
[EventCountry "AUT"]
[WhiteTeam "Rochade Rum"]
[BlackTeam "Bregenz"]

1.e4 d6 2.Nc3 Nf6 3.Bc4 c6 4.Bb3 b5 5.d3 e5 6.f4 Be7 7.Nf3 Nbd7 8.a3 O-O 9.O-O Qc7
10.Qe1 Nc5 11.Ba2 Be6 12.Bxe6 Nxe6 13.f5 Nc5 14.g4 Nxg4 15.Qg3 Nf6 16.Bh6 Ne8 17.h4
Kh8 18.Bg5 a6 19.Kh1 Bf6 20.b4 Na4 21.Nxa4 bxa4 22.Rg1 Rg8 23.Nh2 Bd8 24.Ng4 f6 25.Bd2
Qf7 26.Rg2 Bb6 27.Be3 Bxe3 28.Qxe3 a5 29.bxa5 Rxa5 30.Qb6 Qc7 31.Rb1 Ra8 32.Ne3 Rf8
33.Qxc7 Nxc7 34.Rb7 Rf7 35.Nc4 Rd8 36.Nxd6 Rfd7 37.Rg1 Nb5 38.Nf7+

[Event "2. Bundesliga West 2013/14"]
[Site "Salzburg"]
[Date "2013.10.20"]
[Round "3"]
[Board "6"]
[White "Jedinger, Andreas"]
[Black "Kranz, Armin"]
[Result "*"]
[WhiteElo "2169"]
[BlackElo "2125"]
[PlyCount "69"]
[EventDate "2013.10.18"]
[EventType "team"]
[EventRounds "11"]
[EventCountry "AUT"]
[WhiteTeam "Rochade Rum"]
[BlackTeam "Bregenz"]

1.g3 Nf6 2.Bg2 d5 3.Nf3 e6 4.O-O Be7 5.d3 c5 6.c4 O-O 7.Nbd2 b6 8.Ne5 Bb7 9.Ndf3 Nbd7
10.Qa4 Nxe5 11.Nxe5 Qe8 12.Qc2 Nd7 13.Nxd7 Qxd7 14.Bd2 Bf6 15.Rab1 Rfd8 16.Rfd1 dxc4
17.dxc4 Bxg2 18.Kxg2 Qc6+ 19.Kg1 Rd7 20.Bc3 Bxc3 21.Qxc3 Rad8 22.Qc2 h5 23.f3 Rd6
24.Kf2 Qd7 25.Rxd6 Qxd6 26.Qc3 e5 27.b3 Qe6 28.Kg2 e4 29.Qc2 exf3+ 30.exf3 Qe5 31.Rb2
Qd4 32.Qf2 Qd6 33.Qe2 Qd4 34.Qf2 Qd6 35.Qe2

[Event "2. Bundesliga West 2013/14"]
[Site "Salzburg"]
[Date "2013.10.20"]
[Round "3"]
[Board "3"]
[White "Biti, Ozren"]
[Black "Knechtel, Roland"]
[Result "*"]
[WhiteElo "2376"]
[BlackElo "2205"]
[PlyCount "85"]
[EventDate "2013.10.18"]
[EventType "team"]
[EventRounds "11"]
[EventCountry "AUT"]
[WhiteTeam "Schwarzach"]
[BlackTeam "Ranshofen"]

1.e4 d5 2.exd5 Qxd5 3.Nf3 Bg4 4.Be2 c6 5.O-O Nf6 6.d4 e6 7.h3 Bxf3 8.Bxf3 Qd6 9.c3
Nbd7 10.Nd2 Qc7 11.Re1 Bd6 12.Nc4 Bf4 13.Bxf4 Qxf4 14.Qb3 O-O-O 15.Qb4 Kc7 16.Qa5+
Kb8 17.b4 Nd5 18.Qa3 h5 19.Na5 Qd6 20.c4 Ne7 21.c5 Qxd4 22.Rad1 Qf4 23.b5 Ne5 24.Be2
Rxd1 25.Rxd1 Qe4 26.Qb2 b6 27.Nxc6+ N5xc6 28.bxc6 Qxc6 29.cxb6 axb6 30.Bf3 Qc5 31.Qxg7
Rc8 32.Qxf7 e5 33.Qxh5 Nc6 34.Bxc6 Rxc6 35.Qf5 Ka7 36.Re1 Qa5 37.Qxe5 Rc5 38.Qe7+
Ka6 39.Qe2+ Ka7 40.Qe7+ Ka6 41.Qe8 Qb4 42.Qa8+ Kb5 43.a4+

[Event "2. Bundesliga West 2013/14"]
[Site "Salzburg"]
[Date "2013.10.20"]
[Round "3"]
[Board "4"]
[White "Spiesberger, Gerhard"]
[Black "Brumen, Dinko"]
[Result "0-1"]
[WhiteElo "2098"]
[BlackElo "2358"]
[PlyCount "93"]
[EventDate "2013.10.18"]
[EventType "team"]
[EventRounds "11"]
[EventCountry "AUT"]
[WhiteTeam "Ranshofen"]
[BlackTeam "Schwarzach"]

1.e4 c5 2.c3 b6 3.d4 Bb7 4.Bd3 Nf6 5.Qe2 e6 6.Nf3 d5 7.e5 Ne4 8.O-O Be7 9.Nbd2 Nxd2
10.Bxd2 Nc6 11.Rac1 g5 12.Be3 h6 13.Nd2 Qd7 14.Qh5 O-O-O 15.Qxf7 Kb8 16.Qh5 cxd4 17.cxd4
Nb4 18.Qe2 Bc6 19.Rxc6 Nxd3 20.Rc3 Nxb2 21.Rb3 Na4 22.Qa6 Rc8 23.Nb1 Rc2 24.g3 Rhc8
25.Rb5 Nb2 26.Nd2 Qb7 27.Qxb7+ Kxb7 28.Rb3 Nc4 29.Nxc4 dxc4 30.Rb5 Kc6 31.a4 Ra2 32.Rfb1
Rxa4 33.h4 c3 34.R5b3 Rc4 35.Kf1 c2 36.Rc1 b5 37.Ke2 a5 38.Kd3 a4 39.Rc3 Rxc3+ 40.Kxc3
Kd5+ 41.Kb2 b4 42.Rxc2 a3+ 43.Kb3 Rxc2 44.Kxc2 Kc4 45.hxg5 b3+ 46.Kb1 Bb4 47.g6 0-1

[Event "2. Bundesliga West 2013/14"]
[Site "Salzburg"]
[Date "2013.10.20"]
[Round "3"]
[Board "6"]
[White "Fruehauf, Norbert"]
[Black "Bjelosevic, Bozo"]
[Result "0-1"]
[WhiteElo "2055"]
[BlackElo "2095"]
[PlyCount "78"]
[EventDate "2013.10.18"]
[EventType "team"]
[EventRounds "11"]
[EventCountry "AUT"]
[WhiteTeam "Ranshofen"]
[BlackTeam "Schwarzach"]

1.e4 Nc6 2.Nf3 d6 3.Bb5 a6 4.Bxc6+ bxc6 5.d4 Nf6 6.Nbd2 g6 7.O-O Bg7 8.Re1 O-O 9.c3
Nd7 10.Nf1 c5 11.d5 e5 12.dxe6 fxe6 13.Bg5 Qe8 14.Qd2 Rb8 15.Rad1 Bb7 16.Ng3 Rf7 17.c4
Qf8 18.Qe2 Bc6 19.Bc1 h6 20.Rd3 a5 21.Nh4 Ne5 22.Ra3 Qe7 23.Nf3 Nxf3+ 24.gxf3 a4 25.Rd1
Rbf8 26.Rdd3 Kh7 27.b3 axb3 28.Rdxb3 Be5 29.Ra6 Bd7 30.Ra7 Qd8 31.Kg2 g5 32.h3 Bf4
33.Bd2 Qc8 34.e5 Bxe5 35.Qe4+ Kh8 36.Nh5 Bf4 37.Ba5 d5 38.Qg6 Rh7 39.Rxc7 Bxc7 0-1

[Event "2. Bundesliga West 2013/14"]
[Site "Salzburg"]
[Date "2013.10.20"]
[Round "3"]
[Board "1"]
[White "Roth, Peter"]
[Black "Arnaudov, Petar"]
[Result "*"]
[WhiteElo "2191"]
[BlackElo "2451"]
[PlyCount "44"]
[EventDate "2013.10.18"]
[EventType "team"]
[EventRounds "11"]
[EventCountry "AUT"]
[WhiteTeam "ASK Salzburg 1"]
[BlackTeam "SIR Bernhard 2"]

1.e4 e5 2.Nf3 Nc6 3.Bb5 a6 4.Ba4 Nf6 5.d3 d6 6.c3 g6 7.Nbd2 Bg7 8.h3 O-O 9.g4 h5 10.Nh2
d5 11.Qe2 Be6 12.Bxc6 bxc6 13.Rg1 Qd7 14.Ndf1 hxg4 15.hxg4 Rad8 16.f3 Qd6 17.Ng3 dxe4
18.dxe4 Qd3 19.Qe3 Bc4 20.Qxd3 Rxd3 21.Kf2 Rfd8 22.b3 Be6

[Event "2. Bundesliga West 2013/14"]
[Site "Salzburg"]
[Date "2013.10.20"]
[Round "3"]
[Board "2"]
[White "Schenk, Andreas"]
[Black "Harringer, Franz"]
[Result "*"]
[WhiteElo "2493"]
[BlackElo "2264"]
[PlyCount "109"]
[EventDate "2013.10.18"]
[EventType "team"]
[EventRounds "11"]
[EventCountry "AUT"]
[WhiteTeam "SIR Bernhard 2"]
[BlackTeam "ASK Salzburg 1"]

1.d4 d5 2.Nf3 Nc6 3.e3 Bg4 4.Nbd2 a6 5.c4 e6 6.Be2 Nf6 7.a3 Be7 8.h3 Bh5 9.b4 O-O
10.Bb2 Re8 11.O-O Bf8 12.Qc2 Bg6 13.Qb3 Ne4 14.Rfd1 Nxd2 15.Nxd2 Ne7 16.a4 c6 17.b5
dxc4 18.Nxc4 axb5 19.axb5 Qc7 20.Bf3 Nd5 21.Re1 Rxa1 22.Rxa1 c5 23.b6 Qc8 24.Rc1 cxd4
25.Bxd4 f6 26.e4 Nf4 27.e5 Nd3 28.Rc3 Qd8 29.Be3 fxe5 30.Nd2 Nc5 31.Bxc5 Qxd2 32.Bxf8
Qe1+ 33.Kh2 Rxf8 34.Re3 Qxf2 35.Rxe5 Bf7 36.Qb4 Rd8 37.Re2 Qd4 38.Qxd4 Rxd4 39.Rc2
Be8 40.Rc7 Rb4 41.Rxb7 e5 42.Bd5+ Kf8 43.Rb8 Ke7 44.b7 Bd7 45.Rc8 Kd6 46.Bf3 Rxb7
47.Bxb7 Bxc8 48.Bxc8 e4 49.Kg3 Ke5 50.Kf2 Kd4 51.Ke2 h5 52.Bb7 g5 53.Bc8 e3 54.Bb7
g4 55.h4

[Event "2. Bundesliga West 2013/14"]
[Site "Salzburg"]
[Date "2013.10.20"]
[Round "3"]
[Board "4"]
[White "Pflug, Mathias"]
[Black "Scheiblmaier, Robert"]
[Result "*"]
[WhiteElo "2298"]
[BlackElo "2184"]
[PlyCount "99"]
[EventDate "2013.10.18"]
[EventType "team"]
[EventRounds "11"]
[EventCountry "AUT"]
[WhiteTeam "SIR Bernhard 2"]
[BlackTeam "ASK Salzburg 1"]

1.e4 e6 2.d4 d5 3.Nc3 Bb4 4.e5 c5 5.a3 Bxc3+ 6.bxc3 Ne7 7.Qg4 Qc7 8.Qxg7 Rg8 9.Qxh7
cxd4 10.Ne2 Nbc6 11.f4 Bd7 12.Qd3 dxc3 13.Nxc3 a6 14.Ne2 O-O-O 15.Bd2 Nf5 16.h3 Nce7
17.g4 Bb5 18.Qc3 Qxc3 19.Bxc3 Ne3 20.Kf2 Nxf1 21.Rhxf1 Rh8 22.Rh1 Bxe2 23.Kxe2 Rh7
24.Kf3 d4 25.Bb4 Nc6 26.Rad1 a5 27.Bd6 f6 28.h4 Kd7 29.h5 Rdh8 30.Rb1 Nd8 31.Ke4 f5+
32.gxf5 exf5+ 33.Kxf5 Rxh5+ 34.Rxh5 Rxh5+ 35.Ke4 Rh2 36.Rb2 Rd2 37.f5 d3 38.Ke3 Rxc2
39.Rxc2 dxc2 40.Kd2 Nf7 41.Bb8 Nh6 42.f6 b5 43.Ba7 Ke6 44.Bd4 Nf7 45.Kxc2 Nd8 46.Kd3
Nc6 47.Bb2 Nd8 48.Ke4 Nb7 49.Ba1 a4 50.Bc3

[Event "2. Bundesliga West 2013/14"]
[Site "Salzburg"]
[Date "2013.10.20"]
[Round "3"]
[Board "5"]
[White "Besner, Bernhard"]
[Black "Wieneroiter, Gerald"]
[Result "*"]
[WhiteElo "2201"]
[BlackElo "2156"]
[PlyCount "47"]
[EventDate "2013.10.18"]
[EventType "team"]
[EventRounds "11"]
[EventCountry "AUT"]
[WhiteTeam "ASK Salzburg 1"]
[BlackTeam "SIR Bernhard 2"]

1.e4 c6 2.d4 d5 3.exd5 cxd5 4.c4 Nf6 5.Nc3 e6 6.Nf3 Bb4 7.cxd5 Nxd5 8.Qc2 Nc6 9.Bd3
Be7 10.a3 h6 11.O-O O-O 12.Qe2 Re8 13.Rd1 Bf8 14.Bc2 Nce7 15.Qd3 Nf6 16.Ne5 Ned5 17.Qg3
Nh5 18.Qf3 Nhf6 19.Qg3 Nh5 20.Qd3 Nhf6 21.Ng4 g6 22.Nxh6+ Kg7 23.Bg5 Be7 24.Nxf7

[Event "2. Bundesliga West 2013/14"]
[Site "Salzburg"]
[Date "2013.10.20"]
[Round "3"]
[Board "6"]
[White "Huber, Wolfgang"]
[Black "Loeffler, Christoph"]
[Result "0-1"]
[WhiteElo "2046"]
[BlackElo "2167"]
[PlyCount "114"]
[EventDate "2013.10.18"]
[EventType "team"]
[EventRounds "11"]
[EventCountry "AUT"]
[WhiteTeam "SIR Bernhard 2"]
[BlackTeam "ASK Salzburg 1"]

1.e4 d5 2.exd5 Nf6 3.c4 e6 4.dxe6 Bxe6 5.d4 Bb4+ 6.Bd2 Qe7 7.Bxb4 Qxb4+ 8.Qd2 Nc6
9.Qxb4 Nxb4 10.Na3 O-O-O 11.d5 Bf5 12.f3 Rhe8+ 13.Kf2 c6 14.g4 Bg6 15.h4 cxd5 16.h5
Bd3 17.g5 Nd7 18.Nb5 Nc5 19.cxd5 Rxd5 20.a3 Bxf1 21.Nxa7+ Kb8 22.axb4 Nb3 23.Ra3 Bc4
24.Rh4 Rd2+ 25.Kg3 Bd5 26.Nb5 Re1 27.Nh3 Rf1 28.Rf4 Rd3 29.Nf2 Rd2 30.Nc3 Rfxf2 31.Nxd5
Rg2+ 32.Kh4 Rd1 33.Kh3 Rxg5 34.Rg4 Rgxd5 35.Rxb3 Rxh5+ 36.Kg3 Rg1+ 37.Kf4 Rxg4+ 38.fxg4
Rb5 39.g5 Kc7 40.Rc3+ Kd6 41.Rc4 g6 42.Rd4+ Ke7 43.Rc4 Kf8 44.Kg4 Kg7 45.Rf4 Rb6 46.Kg3
f6 47.gxf6+ Rxf6 48.Rc4 h5 49.b5 Kh6 50.Rc7 Rb6 51.Rc5 Kg7 52.Kh4 Kf6 53.b4 Ke7 54.Kg5
Kd7 55.Re5 Re6 56.Rc5 Kd6 57.b6 Re5+ 0-1

[Event "2. Bundesliga West 2013/14"]
[Site "Salzburg"]
[Date "2013.11.30"]
[Round "4"]
[Board "1"]
[White "Graf, Felix"]
[Black "Berchtenbreiter, Maximilian"]
[Result "*"]
[WhiteElo "2482"]
[BlackElo "2427"]
[PlyCount "62"]
[EventDate "2013.10.18"]
[EventType "team"]
[EventRounds "11"]
[EventCountry "AUT"]
[WhiteTeam "Bregenz"]
[BlackTeam "Kufstein / Woergl"]

1.d4 Nf6 2.c4 e6 3.Nc3 c5 4.d5 exd5 5.cxd5 Bd6 6.Nf3 Bc7 7.g3 a6 8.Bg2 d6 9.O-O O-O
10.a4 Nbd7 11.Nd2 Rb8 12.b3 b5 13.Bb2 Re8 14.Qc2 b4 15.Nce4 Nxd5 16.Nxd6 Bxd6 17.Bxd5
Be5 18.Nc4 Bxb2 19.Qxb2 Nb6 20.Nxb6 Rxb6 21.Bf3 Be6 22.Rac1 Qd4 23.Qxd4 cxd4 24.a5
Rd6 25.Rc7 Bd5 26.Bxd5 Rxd5 27.Rfc1 h5 28.Rc8 Rxc8 29.Rxc8+ Kh7 30.Rc4 Rxa5 31.Rxb4
Rb5

[Event "2. Bundesliga West 2013/14"]
[Site "Salzburg"]
[Date "2013.11.30"]
[Round "4"]
[Board "3"]
[White "Dobosz, Henryk"]
[Black "Koepke, Christian"]
[Result "*"]
[WhiteElo "2371"]
[BlackElo "2336"]
[PlyCount "85"]
[EventDate "2013.10.18"]
[EventType "team"]
[EventRounds "11"]
[EventCountry "AUT"]
[WhiteTeam "Bregenz"]
[BlackTeam "Kufstein / Woergl"]

1.c4 e5 2.Nc3 Bb4 3.d3 Bxc3+ 4.bxc3 d6 5.e4 Ne7 6.f4 exf4 7.Bxf4 O-O 8.Nf3 f5 9.exf5
Bxf5 10.Qd2 Nbc6 11.Be2 d5 12.d4 Na5 13.Ne5 Ng6 14.O-O Nxe5 15.Bxe5 Nxc4 16.Bxc4 dxc4
17.Rf4 Qe7 18.Raf1 Bd3 19.Rxf8+ Rxf8 20.Rxf8+ Qxf8 21.Qf4 Qxf4 22.Bxf4 c6 23.h4 b5
24.a3 Kf7 25.Kf2 Ke6 26.Ke3 Kf5 27.g3 a6 28.Bc7 h6 29.Be5 g5 30.hxg5 hxg5 31.Bc7 Bb1
32.Bd8 Bc2 33.Bc7 Kg4 34.Kf2 Be4 35.Bd8 Kf5 36.Ke3 Bd5 37.Bc7 Bh1 38.Bd8 Bd5 39.Bc7
Kg4 40.Kf2 Kf5 41.Ke3 Kg4 42.Kf2 Kf5 43.Ke3

[Event "2. Bundesliga West 2013/14"]
[Site "Salzburg"]
[Date "2013.11.30"]
[Round "4"]
[Board "4"]
[White "Bertagnolli, Alexander"]
[Black "Herbrechtsmeier, Christof"]
[Result "0-1"]
[WhiteElo "2333"]
[BlackElo "2290"]
[PlyCount "45"]
[EventDate "2013.10.18"]
[EventType "team"]
[EventRounds "11"]
[EventCountry "AUT"]
[WhiteTeam "Kufstein / Woergl"]
[BlackTeam "Bregenz"]

1.e4 g6 2.h4 h5 3.d4 Bg7 4.Be3 d5 5.exd5 Qxd5 6.Nc3 Qd8 7.Bc4 Nh6 8.Nge2 Nf5 9.Qd3
Nd6 10.Bb3 a5 11.O-O-O Bf5 12.Qd2 b5 13.a4 Nc4 14.Bxc4 bxc4 15.d5 Na6 16.Nd4 Qd7 17.Qe2
O-O 18.f3 Nb4 19.g4 hxg4 20.h5 Nxd5 21.Nxd5 Qxd5 22.fxg4 Be4 23.Nf5 0-1

[Event "2. Bundesliga West 2013/14"]
[Site "Salzburg"]
[Date "2013.11.30"]
[Round "4"]
[Board "5"]
[White "Poettinger, Harald"]
[Black "Rusche, Johannes"]
[Result "0-1"]
[WhiteElo "2224"]
[BlackElo "2229"]
[PlyCount "52"]
[EventDate "2013.10.18"]
[EventType "team"]
[EventRounds "11"]
[EventCountry "AUT"]
[WhiteTeam "Bregenz"]
[BlackTeam "Kufstein / Woergl"]

1.c4 Nf6 2.g3 e6 3.Bg2 d5 4.Nf3 dxc4 5.Qa4+ Nbd7 6.Qxc4 Bd6 7.O-O Qe7 8.Qc2 e5 9.Nc3
c6 10.d4 O-O 11.e4 Re8 12.Bg5 h6 13.Bxf6 Nxf6 14.dxe5 Bxe5 15.Nxe5 Qxe5 16.Rad1 Be6
17.f3 Rad8 18.Ne2 Qa5 19.b3 Rxd1 20.Rxd1 Rd8 21.Rxd8+ Qxd8 22.Bf1 g5 23.Kg2 g4 24.Nc3
gxf3+ 25.Kxf3 Ng4 26.h3 Qf6+ 0-1

[Event "2. Bundesliga West 2013/14"]
[Site "Salzburg"]
[Date "2013.11.30"]
[Round "4"]
[Board "6"]
[White "Kranewitter, Norbert"]
[Black "Mira, Helene"]
[Result "*"]
[WhiteElo "2047"]
[BlackElo "2066"]
[PlyCount "57"]
[EventDate "2013.10.18"]
[EventType "team"]
[EventRounds "11"]
[EventCountry "AUT"]
[WhiteTeam "Kufstein / Woergl"]
[BlackTeam "Bregenz"]

1.e4 e5 2.Nf3 Nc6 3.Bc4 Nf6 4.d3 Be7 5.c3 d6 6.Bb3 O-O 7.Bg5 Be6 8.Nbd2 d5 9.Qe2 dxe4
10.dxe4 Bxb3 11.axb3 Nd7 12.h4 Nc5 13.O-O-O Qd3 14.Rde1 Qxe2 15.Rxe2 f6 16.Be3 a5
17.Bxc5 Bxc5 18.h5 Nd8 19.Nh4 Ne6 20.g3 Rfd8 21.Nf5 Rd3 22.Rh4 Rad8 23.Rg4 Kf7 24.Kc2
g5 25.hxg6+ hxg6 26.Nh6+ Kg7 27.Nf5+ Kf7 28.Nh6+ Kg7 29.Nf5+

[Event "2. Bundesliga West 2013/14"]
[Site "Salzburg"]
[Date "2013.11.30"]
[Round "4"]
[Board "2"]
[White "Maiwald, Jens-Uwe"]
[Black "Baldauf, Marco"]
[Result "*"]
[WhiteElo "2465"]
[BlackElo "2396"]
[PlyCount "75"]
[EventDate "2013.10.18"]
[EventType "team"]
[EventRounds "11"]
[EventCountry "AUT"]
[WhiteTeam "Zillertal"]
[BlackTeam "Hohenems II"]

1.g3 e5 2.Bg2 Nc6 3.d3 d5 4.Nf3 Nf6 5.O-O Be6 6.a3 a5 7.Bg5 Be7 8.Nc3 h6 9.Bxf6 Bxf6
10.e4 dxe4 11.Nxe4 O-O 12.Re1 Re8 13.Nc5 Bc8 14.Nd2 Ra7 15.Nc4 Nd4 16.c3 Nf5 17.Qf3
Nd6 18.Nxd6 cxd6 19.Ne4 Be7 20.c4 Be6 21.Nc3 Qb6 22.Nb5 Raa8 23.Qxb7 Qxb7 24.Bxb7
Rab8 25.Bg2 d5 26.Nc7 Rec8 27.Nxe6 fxe6 28.Bh3 Rc6 29.Rxe5 dxc4 30.Bxe6+ Kh8 31.Bxc4
Bf6 32.Rxa5 Rxb2 33.Rd5 Rc2 34.Re1 Rb6 35.Bb5 Bc3 36.Re8+ Kh7 37.Rc8 Rg6 38.d4

[Event "2. Bundesliga West 2013/14"]
[Site "Salzburg"]
[Date "2013.11.30"]
[Round "4"]
[Board "3"]
[White "Novkovic, Milan"]
[Black "Platzgummer, Fabian"]
[Result "*"]
[WhiteElo "2381"]
[BlackElo "2314"]
[PlyCount "84"]
[EventDate "2013.10.18"]
[EventType "team"]
[EventRounds "11"]
[EventCountry "AUT"]
[WhiteTeam "Hohenems II"]
[BlackTeam "Zillertal"]

1.d4 d5 2.c4 dxc4 3.Nf3 Nf6 4.e3 Be6 5.Na3 c5 6.Bxc4 Bxc4 7.Nxc4 cxd4 8.Nxd4 Qd5 9.Qa4+
Nbd7 10.O-O Rb8 11.Qb5 Qxb5 12.Nxb5 a6 13.Nd4 e6 14.Rd1 Be7 15.Bd2 O-O 16.Rac1 Rfc8
17.Kf1 Rc7 18.Na5 Bc5 19.Ndb3 Rbc8 20.Ke2 b6 21.Nxc5 Rxc5 22.Nb3 Rxc1 23.Rxc1 Rxc1
24.Bxc1 Kf8 25.f3 Ke7 26.e4 e5 27.Be3 Kd6 28.Kd3 Nf8 29.Nd2 b5 30.b4 N6d7 31.Nb3 Nf6
32.a3 Ke7 33.g3 Ke6 34.g4 Ke7 35.h4 g6 36.h5 Ke6 37.Ke2 Ke7 38.Kf2 Ke6 39.Kg2 h6 40.Kf2
Ke7 41.Ke2 Ke6 42.Kd3 Ke7

[Event "2. Bundesliga West 2013/14"]
[Site "Salzburg"]
[Date "2013.11.30"]
[Round "4"]
[Board "4"]
[White "Tabernig, Bernhard"]
[Black "Kessler, Luca"]
[Result "*"]
[WhiteElo "2350"]
[BlackElo "2238"]
[PlyCount "77"]
[EventDate "2013.10.18"]
[EventType "team"]
[EventRounds "11"]
[EventCountry "AUT"]
[WhiteTeam "Zillertal"]
[BlackTeam "Hohenems II"]

1.d4 e6 2.c4 f5 3.Nf3 Nf6 4.g3 d5 5.Bg2 c6 6.O-O Bd6 7.b3 Qe7 8.a4 O-O 9.Ba3 Bxa3
10.Nxa3 a5 11.Ne5 Nbd7 12.Nd3 Ng4 13.Qc1 Qf6 14.h3 Nh6 15.e3 Nf7 16.f4 Nd6 17.Ne5
Qe7 18.Nxd7 Bxd7 19.Kh2 Kh8 20.Nc2 dxc4 21.bxc4 Nxc4 22.Ne1 b5 23.axb5 cxb5 24.Bxa8
Rxa8 25.Nd3 Bc6 26.Ne5 Bd5 27.Rf2 Nxe5 28.fxe5 h6 29.Rc2 a4 30.Rc5 Qb7 31.Rc7 Qb6
32.Rc8+ Rxc8 33.Qxc8+ Kh7 34.g4 Qa5 35.Qc2 Be4 36.Qb2 fxg4 37.hxg4 h5 38.Rg1 Qa8 39.Qf2

[Event "2. Bundesliga West 2013/14"]
[Site "Salzburg"]
[Date "2013.11.30"]
[Round "4"]
[Board "1"]
[White "Roth, Peter"]
[Black "Klocker, Benedikt"]
[Result "*"]
[WhiteElo "2191"]
[BlackElo "2193"]
[PlyCount "111"]
[EventDate "2013.10.18"]
[EventType "team"]
[EventRounds "11"]
[EventCountry "AUT"]
[WhiteTeam "ASK Salzburg 1"]
[BlackTeam "Dornbirn"]

1.e4 c5 2.Nf3 d6 3.Nc3 Nc6 4.d4 cxd4 5.Nxd4 g6 6.Be3 Nf6 7.f3 Bg7 8.Qd2 O-O 9.O-O-O
d5 10.Qe1 e5 11.Nxc6 bxc6 12.exd5 Nxd5 13.Bc4 Be6 14.Ne4 Qc7 15.Bc5 Rfd8 16.h4 Nf4
17.Bxe6 Nxe6 18.Bd6 Qb7 19.Qc3 Qb5 20.Kb1 f5 21.Ng5 Nd4 22.Qc5 h6 23.Nh3 Rab8 24.b3
a5 25.Qxb5 Nxb5 26.Bxb8 Nc3+ 27.Kc1 Ne2+ 28.Kb1 Nc3+ 29.Kc1 Rxb8 30.Rd7 Nxa2+ 31.Kd2
Nb4 32.Nf2 Bf6 33.Nd3 Nd5 34.Rd6 e4 35.fxe4 fxe4 36.Nc5 Rc8 37.Nxe4 Kg7 38.Rf1 Bxh4
39.Rd7+ Kg8 40.Rff7 Re8 41.Rg7+ Kh8 42.Rh7+ Kg8 43.Rdg7+ Kf8 44.Rh8+ Kxg7 45.Rxe8
Kf7 46.Rc8 Ne7 47.Ra8 Nd5 48.c4 Nf6 49.Nxf6 Kxf6 50.Rxa5 Ke6 51.b4 h5 52.Ra6 Kd7 53.b5
cxb5 54.cxb5 g5 55.Ra5 Kc7 56.g3

[Event "2. Bundesliga West 2013/14"]
[Site "Salzburg"]
[Date "2013.11.30"]
[Round "4"]
[Board "2"]
[White "Leutwyler, Martin"]
[Black "Harringer, Franz"]
[Result "*"]
[WhiteElo "2159"]
[BlackElo "2264"]
[PlyCount "61"]
[EventDate "2013.10.18"]
[EventType "team"]
[EventRounds "11"]
[EventCountry "AUT"]
[WhiteTeam "Dornbirn"]
[BlackTeam "ASK Salzburg 1"]

1.d4 g6 2.e4 Bg7 3.c4 d6 4.Nc3 Nf6 5.Nf3 O-O 6.h3 e5 7.d5 a5 8.g4 Na6 9.Be3 Nc5 10.Nd2
Nfd7 11.h4 f5 12.gxf5 gxf5 13.exf5 Nf6 14.h5 Bxf5 15.Rg1 Kf7 16.Nf3 Qe7 17.Rg5 Be4
18.Bxc5 Bxf3 19.Qxf3 dxc5 20.Ne4 Ke8 21.Rf5 Nxe4 22.Qxe4 Rxf5 23.Qxf5 Qf6 24.Qxf6
Bxf6 25.Bd3 h6 26.Ke2 Ke7 27.Rg1 Bg5 28.a4 Rf8 29.Rg4 Rf6 30.b3 Kd6 31.Be4

[Event "2. Bundesliga West 2013/14"]
[Site "Salzburg"]
[Date "2013.11.30"]
[Round "4"]
[Board "3"]
[White "Juergens, Klaus"]
[Black "Novkovic, Julia"]
[Result "0-1"]
[WhiteElo "2140"]
[BlackElo "2110"]
[PlyCount "122"]
[EventDate "2013.10.18"]
[EventType "team"]
[EventRounds "11"]
[EventCountry "AUT"]
[WhiteTeam "ASK Salzburg 1"]
[BlackTeam "Dornbirn"]

1.Nf3 g6 2.c4 Bg7 3.d4 d6 4.Nc3 e5 5.dxe5 dxe5 6.Qxd8+ Kxd8 7.Bg5+ f6 8.Bh4 g5 9.Bg3
Be6 10.O-O-O+ Nd7 11.e3 Ne7 12.Nd2 Nf5 13.Nde4 Kc8 14.Be2 h5 15.h3 c6 16.Bh2 h4 17.Bg4
Kc7 18.c5 Nf8 19.Nxf6 Bxf6 20.Ne4 Bg7 21.Nxg5 Bc8 22.Nf7 Ng6 23.Nxh8 Bxh8 24.Bh5 Nge7
25.e4 Nh6 26.Rd6 Bg7 27.Rhd1 b6 28.b4 a5 29.b5 bxc5 30.Be8 cxb5 31.Bxb5 Ra7 32.Be8
Nhg8 33.Rd8 Rb7 34.Bf7 Nh6 35.Bb3 Kb6 36.R1d6+ Kb5 37.Re8 c4 38.Bc2 Rc7 39.f3 Nc6
40.Rd5+ Kb4 41.Bg1 Nd4 42.Bf2 Bf6 43.a3+ Kxa3 44.Rxa5+ Kb4 45.Ra4+ Kb5 46.Ra8 Bb7
47.Ba4+ Kb4 48.Reb8 Nf7 49.Be3 Nd6 50.Ra6 Be7 51.Bxd4 exd4 52.Bc6 Kc5 53.Bxb7 Nxb7
54.Ra7 Kb6 55.Ra4 Rc6 56.f4 Bd6 57.Rba8 Bxf4+ 58.Kc2 d3+ 59.Kc3 d2 60.R8a6+ Kc7 61.Kc2
Rxa6 0-1

[Event "2. Bundesliga West 2013/14"]
[Site "Salzburg"]
[Date "2013.11.30"]
[Round "4"]
[Board "4"]
[White "Kanonier, Clemens"]
[Black "Scheiblmaier, Robert"]
[Result "*"]
[WhiteElo "2112"]
[BlackElo "2184"]
[PlyCount "101"]
[EventDate "2013.10.18"]
[EventType "team"]
[EventRounds "11"]
[EventCountry "AUT"]
[WhiteTeam "Dornbirn"]
[BlackTeam "ASK Salzburg 1"]

1.e4 e6 2.d4 d5 3.Nc3 Bb4 4.e5 c5 5.a3 Bxc3+ 6.bxc3 Ne7 7.Qg4 Qc7 8.Qxg7 Rg8 9.Qxh7
cxd4 10.Ne2 Nbc6 11.f4 Bd7 12.Qd3 dxc3 13.Rb1 O-O-O 14.Nxc3 Nf5 15.Rg1 Nxe5 16.fxe5
Qxe5+ 17.Ne2 Qxh2 18.Bf4 Qh4+ 19.g3 Qe7 20.Bg2 Bc6 21.Rb3 Kd7 22.Rh1 Ke8 23.Bd2 a6
24.Bb4 Qc7 25.Rh3 Rc8 26.Qd2 d4 27.Bxc6+ Qxc6 28.Kd1 Qg2 29.g4 Ne3+ 30.Rhxe3 dxe3
31.Rxe3 Rxg4 32.Kc1 Rgc4 33.c3 Rg4 34.Qd6 Qf1+ 35.Kb2 Qf6 36.Rd3 Rxb4+ 37.axb4 Rd8
38.Qxd8+ Qxd8 39.Rxd8+ Kxd8 40.c4 Kd7 41.Kc3 b6 42.Kd4 a5 43.bxa5 bxa5 44.Kc5 a4 45.Kb4
e5 46.Kxa4 Kc6 47.Kb4 e4 48.c5 e3 49.Kc4 f5 50.Kd4 Kb5 51.Kd5

[Event "2. Bundesliga West 2013/14"]
[Site "Salzburg"]
[Date "2013.11.30"]
[Round "4"]
[Board "5"]
[White "Loeffler, Christoph"]
[Black "Scheffknecht, Philipp"]
[Result "0-1"]
[WhiteElo "2167"]
[BlackElo "2124"]
[PlyCount "154"]
[EventDate "2013.10.18"]
[EventType "team"]
[EventRounds "11"]
[EventCountry "AUT"]
[WhiteTeam "ASK Salzburg 1"]
[BlackTeam "Dornbirn"]

1.e4 c5 2.Nc3 Nc6 3.f4 g6 4.Nf3 Bg7 5.Bc4 d6 6.d3 e6 7.O-O Nge7 8.Qe1 a6 9.a4 Nd4
10.Nxd4 cxd4 11.Ne2 O-O 12.Bb3 Kh8 13.Bd2 Nc6 14.Ng3 f5 15.a5 Bd7 16.Qf2 Qf6 17.Rfe1
Rae8 18.exf5 exf5 19.Qf3 Be6 20.Bd5 Bd7 21.Rxe8 Rxe8 22.Re1 Qd8 23.b4 Rxe1+ 24.Bxe1
Qe7 25.Qe2 Bf6 26.Qxe7 Bxe7 27.c4 Nd8 28.Bf2 Bf6 29.Ne2 Nc6 30.Bxc6 bxc6 31.Bxd4 Kg7
32.Kf2 Kf7 33.Bxf6 Kxf6 34.Nc3 Ke7 35.Ke3 Kd8 36.Kd4 Kc7 37.Ne2 Be6 38.g3 Bd7 39.Ng1
Be6 40.Nf3 h6 41.Nd2 Kd8 42.c5 d5 43.Nf3 Bf7 44.Ke5 Ke7 45.h3 h5 46.Nd4 Be8 47.Ne6
Bd7 48.Nc7 Bc8 49.b5 cxb5 50.Nxd5+ Kf7 51.Kd6 Be6 52.Nb4 Bc8 53.d4 g5 54.d5 h4 55.gxh4
g4 56.hxg4 fxg4 57.Nd3 g3 58.Ne5+ Kf6 59.Nf3 b4 60.Kc7 Bg4 61.d6 g2 62.Ng1 b3 63.c6
b2 64.d7 b1=Q 65.d8=Q+ Kf7 66.Qd5+ Be6 67.Qh5+ Kf8 68.Qc5+ Ke8 69.Qb6 Qf5 70.Qe3 Qxa5+
71.Qb6 Qd2 72.Kb7 a5 73.c7 Qd5+ 74.Kb8 a4 75.c8=Q+ Bxc8 76.Kxc8 Qd7+ 77.Kb8 Qd8+ 0-1